Cantar de ciegos /

সংরক্ষণ করুন:
গ্রন্থ-পঞ্জীর বিবরন
প্রধান লেখক: Fuentes Macías, Carlos, 1928-2012
বিন্যাস: অজ্ঞাত
ভাষা:Spanish
প্রকাশিত: México : Joaquín Mortiz, 1973.
সংস্করন:7. edición
মালা:(Serie del volador)
বিষয়গুলি:
ট্যাগগুলো: ট্যাগ যুক্ত করুন
কোনো ট্যাগ নেই, প্রথমজন হিসাবে ট্যাগ করুন!

MARC

LEADER 000000000a22000000004500
001 007545
041 0 |a spa 
082 0 4 |a M863.4   |b F954c7 
100 1 |a Fuentes Macías, Carlos,   |d 1928-2012 
245 1 0 |a Cantar de ciegos /   |c Carlos Fuentes Macías. 
250 |a 7. edición 
260 1 |a México :   |b Joaquín Mortiz,   |c 1973. 
300 |a 209 páginas 
490 1 |a (Serie del volador) 
505 |a Contenido: Las dos Elenas -- La muñeca reina -- Frotuna lo que ha querido -- Vieja moralidad -- El costo de la vida -- Un alma pura -- A la víbora de la mar 
650 4 |a LITERATURA MEXICANA 
650 4 |a CUENTOS 
999 |c 13541  |d 13541 
942 |c BK  |h M863.4 F954c7  |2 z